000 00653nam a2200193 i 4500
001 129880
003 ES-MaACL
005 20230906193610.0
007 t|
008 070710s1977 sp ||||1| spa d
100 1 _aZugasti Arbizu, Vicente.
_9118435
245 1 0 _aInvestigación y desarrollo de un análisis diferencial digital (A. D. D.) para control en tiempo real /
_cVicente Zugasti Arbizu.
260 _aMadrid :
_bFundación Juan March,
_c[1977]
300 _a43 p. :
_bil. ;
_c21 cm.
490 1 _aSerie universitaria ;
_v28
830 0 _aSerie universitaria ;
_v28
_9180747
852 _aES-MaACL
_jA-7141
_bR.96211
999 _c129880
_d129880